000 00620nam a2200229Ia 4500
005 20260320201836.0
008 008 262003s9999 xx 000 0 eng d
037 _aEBOOK
040 _aCRL
040 _beng
040 _cCRL
041 _2eng
041 _aeng
084 _qCRL
100 _aMarques
_91131072
245 0 _aElevating Game Experiences with Unreal Engine 5: Bring your game ideas to life using the new Unreal Engine 5 and C++
260 _bIEEE
856 _uhttps://ieeexplore.ieee.org/servlet/opac?bknumber=10162637
942 _cEBOOK
999 _c1723847
_d1723847